MARC

LEADER 00000nam0a2200000 4500
001 110278
005 20231031120420.0
010 |a 5120022316 
020 |a RU  |b 91-22486 
035 |a (RuTPU)RU\TPU\book\119092 
090 |a 110278 
100 |a 20070221d1991 km y0rusy5003 ca 
101 0 |a rus 
102 |a UA 
105 |a y z 001zy 
200 1 |a Аксиологические аспекты научных теорий  |f М. С. Бургин, В. И. Кузнецов  |g Институт философии. Академия наук Украинской ССР (АН УССР) 
210 |a Киев  |c Наук. думка  |d 1991 
215 |a 179,[4] с. 
300 |a Рез.: англ. 
320 |a Библиогр.: с. 173-178. 
320 |a Предм. указ.: с. 179-180. 
610 1 |a методология 
610 1 |a ценности 
610 1 |a философия 
610 1 |a аксиология 
610 1 |a наука 
610 1 |a научные теории 
686 |a Ю25  |2 rugasnti 
700 1 |a Бургин  |b М. С.  |g Марк Семенович  |4 070 
701 1 |a Кузнецов  |b В. И.  |g Владимир Иванович  |4 070 
712 0 2 |a Академия наук Украинской ССР (АН УССР)  |b Институт философии  |2 stltpush  |3 (RuTPU)RU\TPU\col\12865 
801 0 |a RU  |b RuMRKP  |c 19950417  |g psbo 
801 1 |a RU  |b 63413507  |c 20070221  |g PSBO 
801 2 |a RU  |b 63413507  |c 20210813  |g PSBO 
942 |c BK